000 00810nam a2200241 i 4500
003 DO-SdBNP
005 20240515133608.0
007 ta
008 210903b2014 dr ac | 00| 0 espadd
020 _a9789945452631
040 _aDO-SdBNP
_bspa
_cBNPHU
_erda
100 1 _aCruz Sánchez, Filiberto,
_913112
_eautor
245 1 4 _aLas elecciones en tiempos de Leonel Fernández /
_cFiliberto Cruz Sánchez.
264 _aSanto Domingo :
_bEl nuevo diario,
_c2014.
300 _a102 páginas :
_bilustraciones, retratos y mapas ;
_c21 cm.
336 _2rdacontent
_atexto
_btxt
337 _2rdamedia
_asin mediación
_bn
338 _2rdacarrier
_avolumen
_bnc
500 _aIncluye datos biografícos del autor en la contracubierta
590 _aInventariado, 2021/BT
910 _aBtavárez
942 _2ddc
_cLBS1
999 _c50397
_d50397